Výchova pre manželstvo a rodičovstvo = Upbringing for marriage and parenthood : Diplomová práca

Uložené v:
Podrobná bibliografia
Hlavný autor: Jurenová, Viera (Autor)
Ďalší autori: Depešová, Jana (xxx)
Médium: Rukopis Kniha
Jazyk:Slovak
Vydavateľské údaje: Trnava : STU v Bratislave MTF UIPH, 2009
Predmet:
Tagy: Pridať tag
Žiadne tagy, Buďte prvý, kto otaguje tento záznam!

MARC

LEADER 00000ntm a22000003a 4500
001 stu198843
005 20160719160147.7
008 100122s2009----xo------------------slo-d
040 |a STU  |b slo 
041 0 |a slo 
044 |a xo 
100 1 |a Jurenová, Viera  |4 aut 
245 1 |a Výchova pre manželstvo a rodičovstvo = Upbringing for marriage and parenthood :  |b Diplomová práca 
260 |a Trnava :  |b STU v Bratislave MTF UIPH,  |c 2009 
300 |a 67 s  |c Prílohy + 1 CD-ROM 
500 |a Študijný program: učiteľstvo technických profesijných predmetov 
500 |a Študijný odbor: 1.1.2 učiteľstvo profesijných predmetov a praktickej prípravy 
650 7 |a rodina  |2 stusub 
650 7 |a výchova  |2 stusub 
650 7 |a manželstvo  |2 stusub 
650 7 |a rodičovstvo  |2 stusub 
700 1 |a Depešová, Jana  |4 xxx 
996 |b 284M077820  |c M*DP-8823  |l MMSKP  |s P  |a 0  |w stu198843_0001